[Event "Lovsprings op 06th E"]
[Site "Ringsted"]
[Date "1994.04.10"]
[Round "3"]
[White "Kemp, Arne"]
[Black "Larsen, Anders Mosby"]
[Result "0-1"]
[WhiteElo "1279"]
[BlackElo "1204"]
[PlyCount "96"]
[EventDate "1994.03.27"]
[EventType "swiss"]
[EventRounds "7"]
[EventCountry "DEN"]
[SourceTitle "EXT 2023"]
[Source "ChessBase"]
[SourceDate "2022.10.05"]
[SourceVersion "1"]
[SourceVersionDate "2022.10.05"]
[SourceQuality "1"]

1. d4 d5 2. c4 e6 3. Nc3 Nf6 4. Bg5 Be7 5. e3 b6 6. Nf3 h6 7. Bh4 Bb7 8. cxd5 Nxd5 9. Bxe7 Qxe7 10. Be2 0-0 11. 0-0 Nd7 12. Rc1 N7f6 13. Ne5 Nxc3 14. Rxc3 Nd5 15. Rc1 Rac8 16. Bf3 Qg5 17. a3 a5 18. Qd2 Kh8 19. Rc2 c5 20. Nc4 Rc7 21. Rfc1 Rd8 22. g3 Nxe3 23. h4 Qf5 24. Qxe3 cxd4 25. Qf4 Qxf4 26. gxf4 Bxf3 27. Ne5 Rxc2 28. Rxc2 Bh5 29. Nd3 Bg6 30. Rd2 f6 31. f3 Bxd3 32. Rxd3 e5 33. fxe5 fxe5 34. Kf2 Kg8 35. Ke2 Kf7 36. Rb3 Rd6 37. Kd3 Kf6 38. Ke4 g6 39. Kd3 Kf5 40. Ke2 Kf4 41. Rd3 e4 42. fxe4 Kxe4 43. Kd2 Rf6 44. Ke2 Rf2+ 45. Kxf2 Kxd3 46. Ke1 Kc2 47. b4 d3 48. bxa5 d2+ 0-1